Quizzes
Events
Quiz Creation
Community
Videos
Private Events
Remove Ads
Sign In
Join for FREE
Feedback
Dark Mode
Quiz Categories
Sports
Geography
Music
Movies
Television
Just For Fun
Miscellaneous
History
Literature
Language
Science
Gaming
Entertainment
Religion
Holiday
For Kids
Quiz Lab
Recent
Popular Today
Quiz Kudos Today
Editor Picks
Curator Picks
Quizzes by...
Day
Popularity
Type
Ratings
Length
Year
Community
Subscriptions
Recent Discussions
Orange Saloon
Badges
Playlists
Quests
Create
Leaderboards
Showdown
Live 5
Trivia Bingo
Activity
Puzzle Library
Sporcle Events
Private Events
Virtual Trivia
Globe League
Become a Host
Pub Owners
SporcleCon
Opinionation
Our Games
Videos
Blog
Mobile Apps
Partnerships
Remove Ads and Go Orange
Feedback
Sports
Athletes
MLB
NBA
NHL
NFL
Soccer
Sports Teams
WWE
NCAA
Football
Premier League
Basketball
Baseball
Hockey
Golf
Tennis
Cricket
Rugby
Auto Racing
Olympics
World Cup
Sports
Athletes
MLB
NBA
NHL
NFL
Soccer
Sports Teams
WWE
NCAA
Football
Premier League
Basketball
Baseball
Hockey
Golf
Tennis
Cricket
Rugby
Auto Racing
Olympics
World Cup
Random Quiz
Search Sporcle
×
Quiz Lab
Quiz Lab
Sports
Basketball
Type in answers that appear in a list
Type in answers that appear in a list
Classic
Best Score? Go Orange.
1990's NBA All-Stars Stats
Can you name the players who played in the NBA All-Star Game during the 1990s?
By
schredder
9m
83 Questions
4,036 Plays
4,036 Plays
4,036 Plays
Comments
Comments
Give Quiz Kudos
Give Quiz Kudos
-
- Ratings
hide this ad
Replay
Link that replays current quiz
Next Quiz
Link to next quiz in quiz playlist
You Got
0%
They Got
Avg Score
59%
Avg Friend Score
Upgrade to see
Score Distribution
Jump to the score distribution portion of the page
Score
0/83
Timer
09:00
0
Plays Today
# of appearances
Player
% Correct
7
Michael Jordan
98.6%
9
Karl Malone
98.1%
8
John Stockton
96.4%
7
Scottie Pippen
96.1%
8
Patrick Ewing
95.4%
8
David Robinson
95.3%
6
Shaquille O'Neal
95.3%
1
Clifford Robinson
94.1%
8
Charles Barkley
93.8%
7
Hakeem Olajuwon
92.9%
7
Clyde Drexler
92.1%
3
Magic Johnson
88.2%
5
Gary Payton
87.9%
2
Larry Johnson
87.9%
3
Kevin Johnson
87.8%
6
Shawn Kemp
87.1%
5
Tim Hardaway
86.4%
4
Penny Hardaway
86.3%
4
Reggie Miller
86.2%
6
Joe Dumars
82.8%
3
Larry Bird
82%
5
Dominique Wilkins
81.3%
1
Tim Duncan
80.2%
4
Alonzo Mourning
79.7%
1
Chris Webber
77.7%
4
Chris Mullin
77.5%
2
Jason Kidd
76.2%
2
Dennis Rodman
76%
# of appearances
Player
% Correct
1
Kobe Bryant
75.6%
2
Kevin Garnett
74.3%
5
Dikembe Mutombo
73.3%
3
Mark Price
72.2%
6
Mitch Richmond
71.4%
3
Isiah Thomas
70.5%
4
Grant Hill
70.1%
1
Tyrone Hill
69.3%
2
Kevin McHale
62.3%
3
Glen Rice
60.9%
1
Steve Smith
60.4%
3
James Worthy
59.2%
2
Robert Parish
58.3%
2
Eddie Jones
56.2%
3
Detlef Schrempf
55.7%
3
Brad Daugherty
55.1%
1
Horace Grant
55.1%
3
Latrell Sprewell
54.2%
1
John Starks
52.7%
3
Dan Majerle
50.8%
1
Rik Smits
50.4%
1
Ricky Pierce
50.1%
1
Antoine Walker
49.1%
1
Jayson Williams
47.4%
2
Terry Porter
46.2%
1
Nick Van Exel
46%
2
Sean Elliott
45.6%
1
B.J. Armstrong
44.9%
# of appearances
Player
% Correct
1
Reggie Lewis
43.9%
1
Derrick Coleman
43.7%
4
Vin Baker
43.5%
2
Tom Chambers
42.4%
1
Charles Oakley
42.4%
1
Kenny Anderson
41.3%
1
Juwan Howard
40.5%
1
Larry Nance
39.8%
2
Danny Manning
38.5%
1
Mookie Blaylock
35.3%
1
A.C. Green
35.2%
1
Cedric Ceballos
34.5%
1
Jeff Hornacek
32.2%
1
Kevin Willis
31.2%
1
Bernard King
30.3%
2
Terrell Brandon
30.3%
1
Christian Laettner
29.6%
1
Tom Gugliotta
27.6%
1
Otis Thorpe
27.5%
1
Rolando Blackman
24.9%
1
Hersey Hawkins
24.5%
1
Kevin Duckworth
24.3%
1
Michael Adams
20.4%
1
Alvin Robertson
20%
1
Dana Barros
19.8%
1
Fat Lever
16.5%
1
Chris Gatling
13.8%
Quiz Playlist
Details
Report
Send in Message
Add To Playlist
Classic:
Type in answers that appear in a list
Quiz Source
Last Updated: Feb 16, 2017
Quiz Scoreboard
CHALLENGE
Sign Up to Join the Scoreboard
Show All
Scores
Hide
Comments
May contain spoilers
Recently Published
Billboard Blitz: Fleetwood Mac
by CooCooCachoo
Music
15s
Presidents Visiting Landmarks
by Hejman
History
7m
An Introduction to Baseball
by treessimontrees
Sports
5m
More to Explore
Quiz From the Vault
Featured Blog Post
Where Did the Easter Bunny Come From?
hide this ad
You Might Also Like...
Tags
Basketball Quiz
NBA Quiz
1990
All-Star
appearance
NBA All-Star
Player
team
Today's Top Quizzes in Sports
Browse Sports
hide this ad
Today's Top Quizzes in Basketball
Browse Basketball
Top Contributed Quizzes in Sports
1
Les meilleurs buteurs des matchs entre le PSG et l’OM
2
2022 World Cup Stars
3
FIFA Club World Cup Champions
4
Les entraîneurs de l'OM et du PSG au 21e siècle
5
Name the Premier League winners with different clubs
6
5-to-1: UK Sports Teams
7
La finale Lions - Afrique du Sud 2021
8
Criteria MLB: Left Handed Sluggers
9
AFC Teams Reveal (Wrong Answers Minefield)
10
England Test cricketers to play under Nasser Hussain
Explore More
Trending Topics
Marvel
Anime
Disney
Kpop
Crossword
Harry Potter
NBA
Soccer
Puzzle
NFL
WWE
Pokémon
The Office
Song
Country
hide this ad
More By:
schredder
Quiz
Plays
Rating
Category
Featured
Created
Top Grossing R Rated
188,095
4.25
Movies
Dec 13, 2009
NBA Top 5 Career Scorers Per Draft, '90s-'10s
174,073
4.59
Sports
Jan 31, 2011
Active NBA Players Who Are Hall of Fame Locks
25,310
2.13
Sports
Apr 4, 2011
ESPN's 2000s MLB All-Decade Team
21,478
3.88
Sports
Dec 19, 2009
The 32 Best Players in Baseball for 2011
13,944
2.41
Sports
Apr 1, 2011
Go to Creator's Profile
Score Distribution
Quiz Creator Spotlight
schredder
Follow
Send a Message
Quizzes Created
-
Created Quiz Play Count
-
More By This Creator
Popular Quizzes Today
1
Find the US States - No Outlines Minefield
2
Find the Countries of Europe - No Outlines Minefield
3
The Countries of the World
4
Find the US States
5
Popular People in 1961
6
US States
7
Risky Map Clicking: Biggest States A-Z
8
Movies - When Are They Set?
More Sports Quizzes
NFL 2013 Season Stat Leaders Week 2
Published
Trending Quizzes
Risky Map Clicking: Least Populous States A-Z
1-10 Letter G Words
1-10 Letter F Words
Risky Map Clicking: Next State Alphabetically
'A' Boys' Names Grid
Recently Updated
Leaping Animals
pecheneg
Reality TV Shows (A-Z)
bhenderson79
Rickey Henderson's Hall of Fame Teammates
pecheneg
Champions League XIs: Arsenal
pecheneg
Quick Pick: Celebrities in WWE's Hall of Fame
aduchscher
A-Z Keypad Blitz II
pecheneg
Multiple Oscar Actors
pecheneg
Mystery Phrase Blitz: Oscar 'Best Actors'
pecheneg
F. Scott Fitzgerald Novels
LTH
Pick 3 Villains
ddd62291
Trending Topics
Anime
Harry Potter
Crossword
Disney
NBA
Marvel
Kpop
Puzzle
WWE
The Office
Country
Pokémon
Soccer
NFL
Song
Your Account Isn't Verified!
In order to create a playlist on Sporcle, you need to verify the email address you used during registration. Go to your
Sporcle Settings
to finish the process.
Report this User
Report this user for behavior that violates our
Community Guidelines
.
Details:
Send Report
Go to the Sporcle.com Mobile Site →
Comments